00499nam a2200205Ia 4500008004100000020001800041050001400059100001900073245003300092245003000125245001900155260001500174260001600189260000900205300001500214300002700229300001000256440001900266500000800285170918s9999 xx 000 0 und d a9780545425957 bM482 2010 aMeadows, Daisy 4aThe magical animal fairies : bAshley the dragon fairy / cDaisy Meadows. aNew York : bScholastic, c2009 a65 pages : bcolored illustration ; c19cm. aRainbow magic. a750